विश्व साहसिक पर्यटन एवं खेल / (Record no. 111676)

MARC details
000 -LEADER
fixed length control field 01167nam a22002897a 4500
003 - CONTROL NUMBER IDENTIFIER
control field dpl
005 - DATE AND TIME OF LATEST TRANSACTION
control field 20181210160052.0
008 - FIXED-LENGTH DATA ELEMENTS--GENERAL INFORMATION
fixed length control field 181210b ||||| |||| 00| 0 eng d
010 ## - LIBRARY OF CONGRESS CONTROL NUMBER
LC control number A-663702
020 ## - INTERNATIONAL STANDARD BOOK NUMBER
Terms of availability 200.00
International Standard Book Number 8185727139
035 ## - SYSTEM CONTROL NUMBER
System control number A-663702
035 ## - SYSTEM CONTROL NUMBER
System control number B-78458
037 ## - SOURCE OF ACQUISITION
Source of stock number/acquisition Cen Lib/Ret
040 ## - CATALOGING SOURCE
Original cataloging agency DPL
Language of cataloging HN
Transcribing agency dpl
082 ## - DEWEY DECIMAL CLASSIFICATION NUMBER
Classification number 796
Item number नेगीज
100 ## - MAIN ENTRY--PERSONAL NAME
Personal name नेगी, जगमोहन
9 (RLIN) 210
245 ## - TITLE STATEMENT
Title विश्व साहसिक पर्यटन एवं खेल /
Statement of responsibility, etc जगमोहन नेगी
246 ## - VARYING FORM OF TITLE
Title proper/short title Vishv sahsik paryetan ewam khel
Remainder of title by Jagmohan Negi
260 ## - PUBLICATION, DISTRIBUTION, ETC. (IMPRINT)
Name of publisher, distributor, etc तक्षशिला प्रकाशन
Place of publication, distribution, etc नई दिल्ली
Date of publication, distribution, etc 1994
270 ## - ADDRESS
Address 23/4762, अंसारी रोड, दरियागंज
City नई दिल्ली
Postal code 110002
300 ## - PHYSICAL DESCRIPTION
Extent 264पृ. :
Dimensions 20सेमी (सजिल्द)
Other physical details चित्र
650 ## - SUBJECT ADDED ENTRY--TOPICAL TERM
Topical term or geographic name as entry element पर्यटन -- खेल
9 (RLIN) 1301
650 ## - SUBJECT ADDED ENTRY--TOPICAL TERM
Topical term or geographic name as entry element खेल के प्रकार
9 (RLIN) 44048
650 ## - SUBJECT ADDED ENTRY--TOPICAL TERM
Topical term or geographic name as entry element Tourism -- Sports
9 (RLIN) 44049
650 ## - SUBJECT ADDED ENTRY--TOPICAL TERM
Topical term or geographic name as entry element Types of games
9 (RLIN) 44050
942 ## - ADDED ENTRY ELEMENTS (KOHA)
Source of classification or shelving scheme Dewey Decimal Classification
Koha item type Hindi Books
Classification part 796
Call number suffix नेगीज
Holdings
Withdrawn status Lost status Damaged status Not for loan Home library Current library Date acquired Source of acquisition Cost, normal purchase price Total Checkouts Full call number Barcode Date last seen Copy number Cost, replacement price Price effective from Koha item type Source of classification or shelving scheme Collection code Public note
        Central Library Central Library 05/08/2015 Cen Lib/Ret 200.00   796 नेगीज A-663702 05/08/2015 1 200.00 05/08/2015 Hindi Books      
        Qila Rai Pithora Qila Rai Pithora 10/12/2018 तक्षशिला प्रकाशन 350.00   796 नेगीज B-78458 10/12/2018   350.00 10/12/2018 Hindi Books Dewey Decimal Classification Non-fiction Withdrawn List Prepared List No.37/07

© Delhi Public Library
Hit Counter
free hit counter